Chủ tịch Hồ Chí Minh ở Pháp năm 1946

Wedi'i Gadw mewn:
Manylion Llyfryddiaeth
Awdur Corfforaethol: Bảo tàng cách mạng Việt Nam
Fformat: Llyfr
Iaith:Undetermined
Cyhoeddwyd: Hà Nội Trung tâm UNESCO bảo tồn và phát triển văn hóa dân tộc Việt Nam 2001
Pynciau:
Tagiau: Ychwanegu Tag
Dim Tagiau, Byddwch y cyntaf i dagio'r cofnod hwn!
Thư viện lưu trữ: Trung tâm Học liệu Trường Đại học Cần Thơ
LEADER 00720nam a2200217Ia 4500
001 CTU_167401
008 210402s9999 xx 000 0 und d
020 |c 24000 
082 |a 959.7092 
082 |b B108 
110 |a Bảo tàng cách mạng Việt Nam 
245 0 |a Chủ tịch Hồ Chí Minh ở Pháp năm 1946 
245 0 |c Bảo tàng cách mạng Việt Nam 
260 |a Hà Nội 
260 |b Trung tâm UNESCO bảo tồn và phát triển văn hóa dân tộc Việt Nam 
260 |c 2001 
650 |a Communists,Ho Chi Minh 
650 |x Biography,Biography 
650 |z Vietnam 
904 |i Hiếu 
980 |a Trung tâm Học liệu Trường Đại học Cần Thơ